000 00928cam a2200133 4500500
005 20260405032206.0
041 _afre
042 _adc
100 1 0 _aBimbenet, Jérôme
_eauthor
245 0 0 _aFilm et histoire
260 _bArmand Colin,
_c2007.
520 _aComment et jusqu’à quel point l’historien doit-il tenir compte du cinéma du 20e siècle qui témoigne aussi bien des vérités que des efforts faits pour la travestir ? Comment ne pas être piégé par la force de l’image ! Véritable travail de méthodologie, ce livre s’appuie très concrètement sur une analyse très précise de films d'histoire, ou de propagande, comme ceux de Leni Riefenstahl ou d'Eisenstein, mais aussi d'œuvres plus récentes : Un long dimanche de fiançailles de Jean-Pierre Jeunet, ou Gladiator de Ridley Scott.
856 4 1 _uhttps://shs.cairn.info/film-et-histoire--9782200345570?lang=fr&redirect-ssocas=7080
999 _c2152914
_d2152914